01129nac a22002537a 4500001001000000003000900010005001700019008003400036040005400070072000800124090001900132100001900151110014000170245005700310260004200367300000800409490009500417500007500512650001900587909004700606942001700653999001900670952018600689BR8703576BR-BrBNA20240105120513.0230509b bl.|||m| |||| 00| 0 por d aBR-BrBNAbporcBiblioteca Nacional de Agricultura aL01 a5250 BR87035761 aGolery, O.I.F.1 aComissao de Desenvolvimento do Vale do Jequitinhonha, Belo Horizonte, MG (Brasil). Assessoria de Planejamento e Coordenacao Geral919751 aOrientacoes basicas para a pratica da caprinocultura3 aBelo Horizonte, MG (Brasil): c1982.  avp. aEstudos Setoriais - Comissao de Desenvolvimento do Vale do Jequitinhonha (Brazil)vno. 5x a(*) Documento disponível na(o) CODEVALE, Belo Horizonte, MG (Brazil) aCAPRINOCULTURA a202312bLúcia Elandec55dLúcia Elande 2AGRISn0cMS c279817d279817 002AGRIS40728Acervo Gerala41918b41918cAGROBASEl0r2023-12-18yMSz(*) Documento disponível na(o) CODEVALE, Belo Horizonte, MG (Brazil)ePortaria Interministerial nº 164/94